00269nam a2200109 a 45000010005000000030005000050050017000100080041000270400020000682450047000882600024001355502CDMR20130116135309.0130130s1990||||||||||||||||||||||||||||d aCDMRbcatcCDMR 0aRapport sur la communication dans le monde aParisc1990bUNESCO